000 00627nam a22001577a 4500
003 MACL
005 20170117171907.0
008 170117b xxu||||| |||| 00| 0 eng d
040 _cMACL
082 _a800/RAM
100 _aराममनोहर लोहिया
_966544
245 _aराममनोहर लोहिया रचनावली-8
_bराजनीति मे फुर्सत के क्षण त भा समस्‍या
260 _a नई दिल्‍ली
_b अनामिका पब्लिशर्स
_c2013
650 _a रचनावली
_9163
942 _2ddc
_cHIN
999 _c55920
_d55920